| 000 -LEADER |
| fixed length control field |
01500cam a2200361 a 4500 |
| 001 - CONTROL NUMBER |
| control field |
12396386 |
| 003 - CONTROL NUMBER IDENTIFIER |
| control field |
Nust |
| 005 - DATE AND TIME OF LATEST TRANSACTION |
| control field |
20170310110144.0 |
| 008 - FIXED-LENGTH DATA ELEMENTS--GENERAL INFORMATION |
| fixed length control field |
010501r20011991nyu 000 1 eng |
| 010 ## - LIBRARY OF CONGRESS CONTROL NUMBER |
| LC control number |
2001034030 |
| 020 ## - INTERNATIONAL STANDARD BOOK NUMBER |
| International Standard Book Number |
9780671742560 |
| 040 ## - CATALOGING SOURCE |
| Original cataloging agency |
DLC |
| Transcribing agency |
DLC |
| Modifying agency |
DLC |
| 043 ## - GEOGRAPHIC AREA CODE |
| Geographic area code |
n-us-in |
| 050 00 - LIBRARY OF CONGRESS CALL NUMBER |
| Classification number |
PS3563.C3884 |
| Item number |
P37 2001 |
| 082 00 - DEWEY DECIMAL CLASSIFICATION NUMBER |
| Classification number |
813.54 |
| Author Mark |
MCN |
| 100 1# - MAIN ENTRY--PERSONAL NAME |
| Personal name |
McNaught, Judith. |
| 245 10 - TITLE STATEMENT |
| Title |
Tender triumph / |
| Statement of responsibility, etc. |
Judith McNaught. |
| 246 3# - VARYING FORM OF TITLE |
| Title proper/short title |
Paradise ; Tender triumph |
| 260 ## - PUBLICATION, DISTRIBUTION, ETC. |
| Place of publication, distribution, etc. |
New York : |
| Name of publisher, distributor, etc. |
Pocket Books, |
| Date of publication, distribution, etc. |
2001 |
| 300 ## - PHYSICAL DESCRIPTION |
| Extent |
744 p. ; |
| Dimensions |
24 cm. |
| 650 #0 - SUBJECT ADDED ENTRY--TOPICAL TERM |
| Topical term or geographic name entry element |
Consolidation and merger of corporations |
| Form subdivision |
Fiction. |
| 650 #0 - SUBJECT ADDED ENTRY--TOPICAL TERM |
| Topical term or geographic name entry element |
Department stores |
| Form subdivision |
Fiction. |
| 650 #0 - SUBJECT ADDED ENTRY--TOPICAL TERM |
| Topical term or geographic name entry element |
Women executives |
| Form subdivision |
Fiction. |
| 651 #0 - SUBJECT ADDED ENTRY--GEOGRAPHIC NAME |
| Geographic name |
Indiana |
| Form subdivision |
Fiction. |
| 655 #7 - INDEX TERM--GENRE/FORM |
| Genre/form data or focus term |
Romantic suspense fiction. |
| Source of term |
gsafd |
| 655 #7 - INDEX TERM--GENRE/FORM |
| Genre/form data or focus term |
Love stories. |
| Source of term |
gsafd |
| 700 12 - ADDED ENTRY--PERSONAL NAME |
| Personal name |
McNaught, Judith. |
| Title of a work |
Tender triumph. |
| 740 02 - ADDED ENTRY--UNCONTROLLED RELATED/ANALYTICAL TITLE |
| Uncontrolled related/analytical title |
Tender triumph. |
| 856 42 - ELECTRONIC LOCATION AND ACCESS |
| Materials specified |
Contributor biographical information |
| Uniform Resource Identifier |
<a href="http://www.loc.gov/catdir/bios/simon052/2001034030.html">http://www.loc.gov/catdir/bios/simon052/2001034030.html</a> |
| 856 42 - ELECTRONIC LOCATION AND ACCESS |
| Materials specified |
Publisher description |
| Uniform Resource Identifier |
<a href="http://www.loc.gov/catdir/description/simon032/2001034030.html">http://www.loc.gov/catdir/description/simon032/2001034030.html</a> |
| 856 41 - ELECTRONIC LOCATION AND ACCESS |
| Materials specified |
Sample text |
| Uniform Resource Identifier |
<a href="http://www.loc.gov/catdir/enhancements/fy0641/2001034030-s.html">http://www.loc.gov/catdir/enhancements/fy0641/2001034030-s.html</a> |
| 906 ## - LOCAL DATA ELEMENT F, LDF (RLIN) |
| a |
7 |
| b |
cbc |
| c |
orignew |
| d |
1 |
| e |
ocip |
| f |
20 |
| g |
y-gencatlg |
| 942 ## - ADDED ENTRY ELEMENTS (KOHA) |
| Source of classification or shelving scheme |
|
| Koha item type |
Book |